| 000 | 005330000a22001810004500 | ||
|---|---|---|---|
| 090 |
_aAR _b00192 |
||
| 245 | 1 | 0 | _aKritische bemerkungen über die eidechsenrassen des toskanischen archipels |
| 650 | 1 | 4 |
_aFauna _992594 |
| 650 | 1 | 4 |
_aReptiles _992767 |
| 650 | 1 | 4 |
_aLagartos _993071 |
| 650 | 1 | 4 |
_aHerpetología _98027 |
| 653 |
_gLacerta _eLacerta muralis |
||
| 653 |
_gLacerta _eLacerta sicula |
||
| 041 | 0 | _aAlemán | |
| 100 | 1 |
_aMertens, Robert _993053 |
|
| 942 | _cARTICULO | ||
| 773 | 1 |
_tSenckenbergiana Biologica _32 _h1-3 _q1-7 _d1949 _g30 |
|
| 999 |
_c9292 _d9292 |
||